Automatizované plánovanie

Guardado en:
Detalles Bibliográficos
Autor principal: Danada, Ondrej, 1989- (Autor)
Otros Autores: Lekavý, Marián, 1980- (Orientador)
Formato: Manuscrito Libro
Lenguaje:eslovaco
Publicado: Bratislava : STU v Bratislave FIIT, 2011
Materias:
Acceso en línea:VAIS
Etiquetas: Agregar Etiqueta
Sin Etiquetas, Sea el primero en etiquetar este registro!

MARC

LEADER 00000ntm a22000003a 4500
001 stu233381
005 20150617230137.3
008 110817s2011----xo------------------slo-d
040 |a STU  |b slo 
041 0 |a slo 
044 |a xo 
100 1 |a Danada, Ondrej,  |d 1989-  |4 aut  |u I200  |U FIIT Fakulta informatiky a informačných technológií  |T FIIT Ústav informatiky a softvérového inžinierstva  |X 47804  |U I200  |Y 179  |7 A000047804 
242 0 0 |a Automated planning  |y eng 
245 1 |a Automatizované plánovanie 
260 |a Bratislava :  |b STU v Bratislave FIIT,  |c 2011 
300 |a 56 s 
650 7 |a plánovanie  |2 stusub 
650 7 |a planning  |2 estusub 
650 7 |a informatika  |2 stusub 
650 7 |a Informatics  |2 estusub 
700 1 |a Lekavý, Marián,  |d 1980-  |4 ths  |u I200  |U FIIT Fakulta informatiky a informačných technológií  |T FIIT Ústav informatiky a softvérového inžinierstva  |X 10225  |U I200  |Y 179  |7 10225 
856 4 |a info a plný text  |u http://is.stuba.sk/zp/portal_zp.pl?podrobnosti=46459  |3 VAIS 
996 |b IBAP17/11  |c I*BAP17/11  |l II680  |s P  |a 0  |w stu233381_0001